| 000 | 00942cam a2200253 a 4500 | ||
|---|---|---|---|
| 001 | 65443 | ||
| 003 | BD-RjUL | ||
| 005 | 20211209081428.0 | ||
| 008 | 170306s1993 ii b 001 0ceng | ||
| 020 | _a0195630114 : | ||
| 035 | _a(BD-RjUL)65573 | ||
| 040 |
_aDLC _cDLC _d(BD-RjUL) _beng |
||
| 041 | _aeng | ||
| 082 | 0 | 0 |
_a891.4414 _223 _bTHA 1993 |
| 100 | 1 |
_aThompson, E. P. _q(Edward Palmer), _d1924-1993. _9193684 |
|
| 245 | 1 | 0 |
_a'Alien homage' : _bEdward Thompson and Rabindranath Tagore / _cE.P. Thompson. |
| 260 |
_aDelhi ; _aNew York : _bOxford University Press, _c1993. |
||
| 300 |
_aix, 175 p. ; _c23 cm. |
||
| 500 | _a"With an appendix on Edward Thompson's 'Notebook of conversations with Rabindranath' by Uma Das Gupta." | ||
| 504 | _aIncludes index and bibliography . | ||
| 600 | 1 | 0 |
_aTagore, Rabindranath, _d1861-1941 _xCriticism and interpretation. _9193691 |
| 600 | 1 | 0 |
_aTagore, Rabindranath, _d1861-1941 _9176622 |
| 942 |
_2ddc _cBK |
||
| 999 |
_c65443 _d65443 |
||